LIBRARY & INFORMATION CENTRE, KCAET, TAVANUR

ONLINE PUBLIC ACCESS CATALOGUE (OPAC)

Fifteenth congress on irrigation and drainage,The Hague ,Netherlands vol-1-H (Record no. 5673)

MARC details
000 -LEADER
fixed length control field 00351cam a2200133ua 4500
003 - CONTROL NUMBER IDENTIFIER
control field OSt
008 - FIXED-LENGTH DATA ELEMENTS--GENERAL INFORMATION
fixed length control field 220928b |||||||| |||| 00| 0 eng d
041 ## - LANGUAGE CODE
Language code of text/sound track or separate title eng
082 ## - DEWEY DECIMAL CLASSIFICATION NUMBER
Classification number 028.7463
245 ## - TITLE STATEMENT
Title Fifteenth congress on irrigation and drainage,The Hague ,Netherlands vol-1-H
260 ## - PUBLICATION, DISTRIBUTION, ETC. (IMPRINT)
Place of publication :
Name of publisher ICID and CIID ,
Year of publication 1993.
300 ## - PHYSICAL DESCRIPTION
Number of Pages 225 ; .
942 ## - ADDED ENTRY ELEMENTS (KOHA)
Koha item type Books
Holdings
Withdrawn status Lost status Damaged status Home library Current library Date acquired Full call number Accession Number Koha item type
      KAUAET   07/04/2012 028.7463 20279 Books
free website counter